| 000 | 01013pam a2200289 a 4500 | ||
|---|---|---|---|
| 001 | 2523717 | ||
| 003 | NUST - PNEC | ||
| 005 | 20170116181131.0 | ||
| 008 | 930507s1993 nyua 001 0 eng | ||
| 010 | _a 93023861 | ||
| 020 |
_a0806903422 : _c$4.95 ($6.95 Can.) |
||
| 040 |
_aDLC _cLIBRARY _dDLC |
||
| 050 | 0 | 0 |
_aGV1549 _b.L52 1993 |
| 082 | 0 | 0 |
_a793.85 LON _221 |
| 100 | 1 |
_aLonge, Bob, _d1928- |
|
| 245 | 1 | 0 |
_a101 amazing card tricks / _cBob Longe. |
| 260 |
_aNew York : _bSterling Pub. Co., _c1993. |
||
| 300 |
_a128 p. : _bill. ; _c21 cm. |
||
| 500 | _aIncludes index. | ||
| 650 | 0 |
_aCard tricks. _xGeneral book |
|
| 740 | 0 | _aOne hundred one amazing card tricks. | |
| 740 | 0 | _aOne hundred and one amazing card tricks. | |
| 856 | 4 | 2 |
_3Publisher description _uhttp://www.loc.gov/catdir/description/ste022/93023861.html |
| 906 |
_a7 _bcbc _corignew _d1 _eocip _f19 _gy-gencatlg |
||
| 942 |
_2ddc _cBK |
||
| 999 |
_c69969 _d69969 |
||